Art of the Formula 1 race car / (Record no. 671)

MARC details
000 -LEADER
fixed length control field 01128cam a22002894a 4500
005 - DATE AND TIME OF LATEST TRANSACTION
control field 20260322212029.0
008 - FIXED-LENGTH DATA ELEMENTS--GENERAL INFORMATION
fixed length control field data
010 ## - LIBRARY OF CONGRESS CONTROL NUMBER
LC control number 2009028568
020 ## - INTERNATIONAL STANDARD BOOK NUMBER
International Standard Book Number 9780760337318 (hb w/ jkt)
020 ## - INTERNATIONAL STANDARD BOOK NUMBER
International Standard Book Number 0760337314
040 ## - CATALOGING SOURCE
Original cataloging agency DLC
Transcribing agency DLC
050 00 - LIBRARY OF CONGRESS CALL NUMBER
Classification number TL236
Item number .C53 2010
082 00 - DEWEY DECIMAL CLASSIFICATION NUMBER
Classification number 629.228022/2
Edition information 22
092 ## - LOCALLY ASSIGNED DEWEY CALL NUMBER (OCLC)
Classification number 629.22 C53 2010
001 - CONTROL NUMBER
control field data
100 1# - MAIN ENTRY--PERSONAL NAME
Personal name Codling, Stuart,
Dates associated with a name 1972-
245 10 - TITLE STATEMENT
Title Art of the Formula 1 race car /
Statement of responsibility, etc. Stuart Codling & James Mann.
246 3# - VARYING FORM OF TITLE
Title proper/short title Art of the Formula One race car
260 ## - PUBLICATION, DISTRIBUTION, ETC.
Place of publication, distribution, etc. Minneapolis :
Name of publisher, distributor, etc. Motor books,
Date of publication, distribution, etc. 2010.
300 ## - PHYSICAL DESCRIPTION
Extent 208 p. :
Other physical details col. ill. ;
Dimensions 25 cm.
500 ## - GENERAL NOTE
General note Includes index.
505 0# - FORMATTED CONTENTS NOTE
Formatted contents note Alfa Romeo 158/159 -- Maserati 250F -- Mercedes-Benz W196 -- Lancia D50 -- BRM P57 -- Brabham BT20 -- Lotus 49B -- Lotus 72 -- Tyrrell 003 -- Brabham BT44 -- Tyrrell P34 -- Ferrari 312T3 -- Williams FW07 -- Mclaren MP4/4 -- Leyton house CG901 -- Jordan 191 -- Williams FW14 -- Ferrari F1-2000 -- Mclaren MP4-23.
650 #0 - SUBJECT ADDED ENTRY--TOPICAL TERM
Topical term or geographic name entry element Formula One automobiles.
650 #0 - SUBJECT ADDED ENTRY--TOPICAL TERM
Topical term or geographic name entry element Formula One automobiles
Form subdivision Pictorial works.
650 #0 - SUBJECT ADDED ENTRY--TOPICAL TERM
Topical term or geographic name entry element Grand Prix racing.
700 1# - ADDED ENTRY--PERSONAL NAME
Personal name Mann, James,
Dates associated with a name 1963-
Holdings
Withdrawn status Lost status Damaged status Not for loan Home library Current library Shelving location Date acquired Total checkouts Full call number Barcode Date last seen Price effective from Koha item type
        Troy Troy General stacks 22/03/2026   629.228022/2 22 BC0010688 22/03/2026 22/03/2026 Books